LEADER 00840nam0-2200313---450- 001 990009900010403321 005 20150420145026.0 020 $aIT$bS7563 035 $a000990001 035 $aFED01000990001 035 $a(Aleph)000990001FED01 035 $a000990001 100 $a20140930d1971----km-y0itay50------ba 101 0 $aita 102 $aIT 105 $aaf------001yy 200 1 $aStampe d'arte moderne$fB. P. Boschesi 210 $a[Milano]$cA. Mondadori$d1971 215 $a61 p.$cill.$d21 cm 610 0 $aIncisione$aStoria$aSec. 19.-20. 676 $a760$v20 700 1$aBoschesi,$bB. Palmiro$0173599 801 0$aIT$bUNINA$gRICA$2UNIMARC 901 $aBK 912 $a990009900010403321 952 $a760 BOS 1$bBRAU 2015/106$fFLFBC 959 $aFLFBC 996 $aStampe d'arte moderne$9828611 997 $aUNINA LEADER 01154cam a2200301 i 4500 001 991002518869707536 005 20020503170245.0 008 950628s1992 it 001 0 ita 020 $a8806130277 035 $ab10376124-39ule_inst 035 $aEXGIL105187$9ExL 040 $aBiblioteca Interfacoltà$bita 082 0 $a591.51 245 00$aDizionario di etologia /$c[diretto da Danilo Mainardi] ; [redazione :$bAnna Maria Farcito, Luciano Lovera] 260 $aTorino :$bEinaudi,$cc1992 300 $axvi, 868 p. ;$c21 cm 490 0 $aPiccoli dizionari Einaudi ;$v2 650 4$aEtologia$xDizionari 700 1 $aMainardi, Danilo 700 1 $aFarcito, Anna Maria 700 1 $aLovera, Luciano 907 $a.b10376124$b21-02-17$c27-06-02 912 $a991002518869707536 945 $aLE021 591.51 MAI01.01$g1$i2020000008422$lle021$op$pE36.15$q-$rn$s- $t0$u0$v0$w0$x0$y.i14820511$z04-09-08 945 $aLE002 Enc. Scien. 68$g1$iLE002-15364N$lle002$o-$pE0.00$q-$rl$s- $t0$u0$v0$w0$x0$y.i10440252$z27-06-02 996 $aDizionario di etologia$9202673 997 $aUNISALENTO 998 $ale020$ale002$b01-01-95$cm$da $e-$fita$git $h0$i2